biodiversity and conservation (Record no. 480335)
[ view plain ]
| 000 -LEADER | |
|---|---|
| fixed length control field | 00357nam a22001577a 4500 |
| 003 - CONTROL NUMBER IDENTIFIER | |
| control field | ASAB |
| 005 - DATE AND TIME OF LATEST TRANSACTION | |
| control field | 20180827062715.0 |
| 008 - FIXED-LENGTH DATA ELEMENTS--GENERAL INFORMATION | |
| fixed length control field | 161128t xxu||||| |||| 00| 0 eng d |
| 020 ## - INTERNATIONAL STANDARD BOOK NUMBER | |
| International Standard Book Number | 81-7648-591-8 |
| 040 ## - CATALOGING SOURCE | |
| Transcribing agency | ASAB |
| 082 ## - DEWEY DECIMAL CLASSIFICATION NUMBER | |
| Classification number | 639 JOS |
| 100 ## - MAIN ENTRY--PERSONAL NAME | |
| Personal name | P.C. Joshi |
| 9 (RLIN) | 2337 |
| 245 ## - TITLE STATEMENT | |
| Title | biodiversity and conservation |
| 300 ## - PHYSICAL DESCRIPTION | |
| Extent | 384 P. |
| 942 ## - ADDED ENTRY ELEMENTS (KOHA) | |
| Source of classification or shelving scheme | |
| Koha item type | Book |
| Withdrawn status | Lost status | Source of classification or shelving scheme | Damaged status | Not for loan | Collection code | Permanent Location | Current Location | Date acquired | Total Checkouts | Full call number | Barcode | Date last seen | Price effective from | Koha item type |
|---|---|---|---|---|---|---|---|---|---|---|---|---|---|---|
| Atta-ur-Rahman School of Applied Biosciences (ASAB) | Atta-ur-Rahman School of Applied Biosciences (ASAB) | 11/28/2016 | 639 JOS | ASAB1644 | 11/28/2016 | 11/28/2016 | Book |
